000 03243cam a22012014i 4500
003 PE-LiUPU
005 20250813185640.0
008 150616s r 000 0 d
020 _a9223064325
035 _a(Sirsi) i9789223064327
040 _aPE-LiUPU
_bspa
_cPE-LiUPU
_erda
049 _aPRUA
082 0 4 _a312.402
_bO36
_221
110 2 _aOficina Internacional del Trabajo Ginebra
245 1 0 _aControl de riesgos de accidentes mayores :
_bmanual práctico.
264 1 _aGinebra :
_bOficina Internacional del Trabajo,
_c1990.
300 _a304 páginas :
_bilustraciones láms., diagrs. ;
_c30 centímetros
336 _atext
_2rdacontent
337 _aunmediated
_2rdamedia
338 _avolume
_2rdacarrier
505 0 _aDeterminación de las instalaciones que implican riesgos de accidentes mayores -- El papel de la dirección -- Función de las autoridades -- Papel de los trabajadores y de las organizaciones de trabajadores -- Planificación de emergencia -- Aplicación de los sistemas de control de riesgos de accidentes mayores -- Requisitos previos de un sistema de control de riesgos de accidentes mayores -- Bibliografía -- Apéndices -- Figuras -- Cuadros.
526 _aP202
526 _aP201
526 _aP163
526 _aP162
526 _aP161
526 _aP160
526 _aP148
526 _aP147
526 _aP146
526 _aP145
526 _aP144
526 _aP143
526 _aP142
526 _aP141
526 _aP140
526 _aP139
526 _aP138
526 _aP137
526 _aP136
526 _aP135
526 _aP134
526 _aP133
526 _aP129
526 _aP128
526 _aP127
526 _aP120
526 _aP119
526 _aP118
526 _aP116
526 _aP115
526 _aP114
526 _aP110
526 _aP109
526 _aP108
526 _aP104
526 _aP103
526 _aP102
526 _aP99
526 _aP98
526 _aP97
526 _aP96
526 _aP95
526 _aP93
526 _aP90
526 _aP89
526 _aP88
526 _aP83
526 _aP82
526 _aP62
526 _aP59
526 _aP58
526 _aP57
526 _aP51
526 _aP49
526 _aP48
526 _aP47
526 _aP29
526 _aP24
526 _aP20
526 _aP19
526 _aP17
526 _aP15
526 _aP14
526 _aP12
526 _aP10
526 _aP09
526 _aP08
526 _aP07
526 _aP06
526 _aP05
526 _aP04
526 _aP01
650 0 4 _aAccidentes de trabajo
_vManuales.
650 0 4 _aSeguridad industrial
_vManuales.
910 _ajck
_bjvq
_cjck
942 _2ddc
_cBOOK
949 _a312.402 O36
_wDEWEY
_c1
_i33595
_lCCODEBUL1
_mBUL
_r0
_sY
_tBOOK
_u2015-6-16
_xSALUD
_zUNKNOWN
_0COMPRA
_o.STAFF. Colección General
994 _aC0
_bPEPRU
596 _a1
999 _a312.402 O36
_wDEWEY
_c57517
_i33595
_f2021-11-5
_g5
_lCCODEBUL1
_mBUL
_r0
_sY
_tBOOK
_u2015-6-16
_xBIBLIOTECA
_zUNKNOWN
_0COMPRA
_o.STAFF. Colección General
_d57517
980 _81
_gALBERTO SANCHEZ Responsable de Automatización